Female factor: A study of women in five Western European societies (Record no. 216385)

MARC details
000 -LEADER
fixed length control field 00395nam a2200145Ia 4500
008 - FIXED-LENGTH DATA ELEMENTS--GENERAL INFORMATION
fixed length control field 230917s9999||||xx |||||||||||||| ||und||
040 ## - CATALOGING SOURCE
-- 9339
Original cataloging agency VIVEKANANDA LIBRARY
041 ## - Language
-- English
082 ## - DDC NUMBER
Classification number 301.412094 S35F
100 ## - MAIN ENTRY--PERSONAL NAME
Personal name Steiner, Shari
245 #0 - TITLE STATEMENT
Title Female factor: A study of women in five Western European societies
260 ## - PUBLICATION, DISTRIBUTION, ETC. (IMPRINT)
Place of publication, distribution, etc New York
Name of publisher, distributor, etc G.P. Putnam's
Date of publication, distribution, etc 1977
300 ## - PHYSICAL DESCRIPTION
Pages 328 p.
942 ## - ADDED ENTRY ELEMENTS (KOHA)
Koha item type Books
Holdings
Withdrawn status Lost status Damaged status Not for loan Location (home branch) Sublocation or collection (holding branch) Date acquired Koha issues (times borrowed) Koha full call number Accession No. Koha date last seen Koha item type
        VIVEKANANDA LIBRARY VIVEKANANDA LIBRARY 08/08/2002   301.412094 S35F 80602 17/09/2023 Books
© Designed and Maintained by Vivekananda Library, MDU Rohtak